000 00579nam a2200193 i 4500
001 34443
003 ES-MaACL
005 20250731070130.0
007 t|
008 030207s1972 sp |||| | spa d
100 1 _aBonet, Laureano.
_930122
245 1 0 _aDe Galdós a Robbe-Grillet /
_cLaureano Bonet.
260 _a[Madrid] :
_bTaurus,
_c[1972]
300 _a121 p. ;
_c18 cm.
650 0 4 _aNovela española-
_yS.XIX-
_xHistoria y crítica.
_915614
650 0 4 _aNovela española-
_yS.XX-
_xHistoria y crítica
_915617
852 _aES-MaACL
_jC-52736
999 _c34443
_d34443